000 00871nmm a2200277 a 4500
001 ocm000588529
003 TR-IsHL
005 20201028121709.0
008 130705s2011 tu tur
007 cr cn
020 _a9786054369669
035 _a588529
_b(N$T)
050 0 4 _aPL248.G65
_bT87 2011
090 0 4 _aPL248.G65
_bT87 2011
100 1 _aKaya
_q(Ak Ozan), Mustafa
245 1 0 _aİnsanlığın yüz akı: Osmanlı destanı
_h[electronic resource] /
_cMustafa Kaya (Ak Ozan)
250 _a1. bs.
260 _aİstanbul :
_bBilgeoğuz Yayınları,
_c2011
300 _a433 p.
650 4 _aDil ve Edebiyat
650 4 _aLanguage and Literature
650 0 _aTürk destanları
650 0 _aTurkish epics
650 7 _aPOETRY / Epic
_2bisacsh
856 4 0 _uhttp://search.ebscohost.com/login.aspx?direct=true&scope=site&db=e011xww&AN=588529
999 _c1467
_d1467